| 000 | 00595 a2200181 4500 | ||
|---|---|---|---|
| 003 | Nust | ||
| 005 | 20170207153208.0 | ||
| 040 | _cNust | ||
| 082 | _a005.1 | ||
| 100 | _aKhan, Waqar Ahmad (MSCS-11) | ||
| 245 |
_aRobust linear discriminant analysis by sub-sampling _cWaqar Ahmad Khan |
||
| 260 |
_bMCS,NUST _c2006 _aRawalpindi |
||
| 300 | _aix, 46, p.; | ||
| 505 | _aIntroduction (page-1) Methodology of robust LDA (page-4) Implemenation and testing (page-17) Results and analysis (page-28) Conclusion (page-40) | ||
| 538 | _aAlmirah No 73 Shelf No 2 | ||
| 650 | _aPG Thesis | ||
| 651 | _aMSCS-11 | ||
| 942 | _cTHS | ||
| 999 |
_c181281 _d181281 |
||